Visualizzazione normale
Vista MARC
- Valentini Vincenzo (et al.)
di Personal Name
Records bibliografici associati: 1
001 - CONTROL NUMBER
- control field: 60301
003 - CONTROL NUMBER IDENTIFIER
- control field:
005 - DATE AND TIME OF LATEST TRANSACTION
- control field: 20231031152946.0
008 - FIXED-LENGTH DATA ELEMENTS
- fixed length control field: 231031|| aca||aabn | a|a d
040 ## - CATALOGING SOURCE
- Original cataloging agency:
- Transcribing agency:
100 ## - HEADING--PERSONAL NAME
- Personal name: Valentini Vincenzo (et al.)
670 ## - SOURCE DATA FOUND
- Source citation: Work cat.: ()359887: Valentini Vincenzo (et al.), Come cambia la percezione della professione medica di fronte alla richiesta di morte, 2022